JUDO - Médaillé aux championnats du monde 2023 - Statistiques

Statistiques générales
  • Ce quiz a été pris 37 fois
  • Le résultat moyen est 3 sur 14
Answers on the Grid
Answers color-coded by a green-red scale on the quiz's grid according to % correct below.
Naohisa Takato
Distria Krasniqi
Blandine Pont
Walide Khyar
Diyora Keldiyorova
Manuel Lombardo
Hidayat Heydarov
Christa Deguchi
Takanori Nagase
Szofi Ozbas
Laura Fazliu
Muzaffarbek Turoboyev
Marcus Nyman
Marie-Eve Gahié
Saki Niizoe
Zelym Kotsoiev
Ilia Sulamanidze
Shori Hamada
Audrey Tcheumeo
Tatsuru Saito
Temur Rakhimov
Alisher Yusupov
Teddy Riner
Romane Dicko
Rafaela Silva
Luka Mkeidze
Luka Maisuradze
Clarisse Agbegnenou
 
Statistiques - réponses
Réponse % Correct
Teddy Riner
58%
Manuel Lombardo
32%
Diyora Keldiyorova
26%
Christa Deguchi
21%
Marcus Nyman
21%
Walide Khyar
21%
Clarisse Agbegnenou
16%
Szofi Ozbas
16%
Takanori Nagase
16%
Alisher Yusupov
11%
Luka Maisuradze
11%
Saki Niizoe
11%
Audrey Tcheumeo
5%
Zelym Kotsoiev
5%
Aucun quiz correspondant
Distribution des résultats
% des personnes avec chaque résultat
Percentile par nombre de réponses
Votre historique - résultats
Vous n’avez pas pris ce quiz